000
00308nam a22001217a 4500
082
_a
500
_b
REL/R
100
_a
RELIABLE
245
_a
RELIABLE QUESTION BANK SCIENCE (SOLVED)
_b
CLASS X
260
_a
DELHI
_b
RELIABLE ENTERPRISES
300
_a
258
650
_a
SCIENCE QUESTION BANK FOR CLASS X
_z
INDIA
942
_c
BK
999
_c
807
_d
807